000
00244nam a2200097Ia 4500
001
793675
005
20250826170653.0
008
250824s9999 xx 000 0 und d
245
0
_a
DÜŞLERİN ÖTESİNDE
_c
SUSAN GLOSS
260
_b
ARKADYA YAYINLARI
999
_c
793675
_d
793675